<?xml version="1.0" encoding="UTF-8"?>
<record
    xmlns:xsi="http://www.w3.org/2001/XMLSchema-instance"
    xsi:schemaLocation="http://www.loc.gov/MARC21/slim http://www.loc.gov/standards/marcxml/schema/MARC21slim.xsd"
    xmlns="http://www.loc.gov/MARC21/slim">

  <leader>00623nam a2200181   4500</leader>
  <controlfield tag="003">SEACOMMC</controlfield>
  <controlfield tag="005">20250506130647.0</controlfield>
  <controlfield tag="008">250306b        |||||||| |||| 00| 0 eng d</controlfield>
  <datafield tag="020" ind1=" " ind2=" ">
    <subfield code="a">81-219-3091-X</subfield>
    <subfield code="c">Rs.170.00</subfield>
  </datafield>
  <datafield tag="040" ind1=" " ind2=" ">
    <subfield code="a">SEACOMMC</subfield>
  </datafield>
  <datafield tag="082" ind1=" " ind2=" ">
    <subfield code="a"> 005.73</subfield>
    <subfield code="b">B 575</subfield>
  </datafield>
  <datafield tag="100" ind1=" " ind2=" ">
    <subfield code="a">Bhaumik, Arup Kr</subfield>
  </datafield>
  <datafield tag="245" ind1="1" ind2=" ">
    <subfield code="a">Data Structures and Algorithm : for the students of B.Tech.,West Bengal University of technology (WBUT) for 3rd semester /</subfield>
    <subfield code="c">Arup Kr. Bhaumik,Santanu Haldar [and] Subhrajit Sinha Roy.</subfield>
  </datafield>
  <datafield tag="250" ind1=" " ind2=" ">
    <subfield code="a">Reprint ed.</subfield>
  </datafield>
  <datafield tag="260" ind1=" " ind2=" ">
    <subfield code="a"> New Delhi </subfield>
    <subfield code="b"> S Chand Publishing</subfield>
    <subfield code="c"> 2009</subfield>
  </datafield>
  <datafield tag="650" ind1=" " ind2=" ">
    <subfield code="a"> Data Processing</subfield>
  </datafield>
  <datafield tag="942" ind1=" " ind2=" ">
    <subfield code="c">BOOK</subfield>
  </datafield>
  <datafield tag="952" ind1=" " ind2=" ">
    <subfield code="0">0</subfield>
    <subfield code="1">0</subfield>
    <subfield code="2">ddc</subfield>
    <subfield code="4">0</subfield>
    <subfield code="7">0</subfield>
    <subfield code="a">SEACOMMC</subfield>
    <subfield code="b">SEACOMMC</subfield>
    <subfield code="c">REF</subfield>
    <subfield code="d">2009-09-16</subfield>
    <subfield code="l">0</subfield>
    <subfield code="o"> 005.73 B 575</subfield>
    <subfield code="p">M-2457</subfield>
    <subfield code="r">2025-03-06 11:57:49</subfield>
    <subfield code="w">2025-03-06</subfield>
    <subfield code="y">REF</subfield>
  </datafield>
  <datafield tag="952" ind1=" " ind2=" ">
    <subfield code="0">0</subfield>
    <subfield code="1">0</subfield>
    <subfield code="2">ddc</subfield>
    <subfield code="4">0</subfield>
    <subfield code="7">0</subfield>
    <subfield code="a">SEACOMMC</subfield>
    <subfield code="b">SEACOMMC</subfield>
    <subfield code="d">2009-09-16</subfield>
    <subfield code="l">1</subfield>
    <subfield code="o"> 005.73 B 575</subfield>
    <subfield code="p">M-2458</subfield>
    <subfield code="q">2026-05-09</subfield>
    <subfield code="r">2026-04-25 13:18:20</subfield>
    <subfield code="s">2026-04-25</subfield>
    <subfield code="t">1</subfield>
    <subfield code="w">2025-03-06</subfield>
    <subfield code="y">BOOK</subfield>
  </datafield>
  <datafield tag="952" ind1=" " ind2=" ">
    <subfield code="0">0</subfield>
    <subfield code="1">0</subfield>
    <subfield code="2">ddc</subfield>
    <subfield code="4">0</subfield>
    <subfield code="7">0</subfield>
    <subfield code="a">SEACOMMC</subfield>
    <subfield code="b">SEACOMMC</subfield>
    <subfield code="d">2009-09-16</subfield>
    <subfield code="l">0</subfield>
    <subfield code="o"> 005.73 B 575</subfield>
    <subfield code="p">M-2459</subfield>
    <subfield code="r">2025-03-06 11:58:28</subfield>
    <subfield code="t">2</subfield>
    <subfield code="w">2025-03-06</subfield>
    <subfield code="y">BOOK</subfield>
  </datafield>
  <datafield tag="952" ind1=" " ind2=" ">
    <subfield code="0">0</subfield>
    <subfield code="1">0</subfield>
    <subfield code="2">ddc</subfield>
    <subfield code="4">0</subfield>
    <subfield code="7">0</subfield>
    <subfield code="a">SEACOMMC</subfield>
    <subfield code="b">SEACOMMC</subfield>
    <subfield code="d">2009-09-16</subfield>
    <subfield code="l">0</subfield>
    <subfield code="o"> 005.73 B 575</subfield>
    <subfield code="p">M-2460</subfield>
    <subfield code="r">2025-03-06 11:58:28</subfield>
    <subfield code="t">3</subfield>
    <subfield code="w">2025-03-06</subfield>
    <subfield code="y">BOOK</subfield>
  </datafield>
  <datafield tag="952" ind1=" " ind2=" ">
    <subfield code="0">0</subfield>
    <subfield code="1">0</subfield>
    <subfield code="2">ddc</subfield>
    <subfield code="4">0</subfield>
    <subfield code="7">0</subfield>
    <subfield code="a">SEACOMMC</subfield>
    <subfield code="b">SEACOMMC</subfield>
    <subfield code="d">2009-09-16</subfield>
    <subfield code="l">0</subfield>
    <subfield code="o"> 005.73 B 575</subfield>
    <subfield code="p">M-2461</subfield>
    <subfield code="r">2025-03-06 11:58:28</subfield>
    <subfield code="t">4</subfield>
    <subfield code="w">2025-03-06</subfield>
    <subfield code="y">BOOK</subfield>
  </datafield>
  <datafield tag="952" ind1=" " ind2=" ">
    <subfield code="0">0</subfield>
    <subfield code="1">0</subfield>
    <subfield code="2">ddc</subfield>
    <subfield code="4">0</subfield>
    <subfield code="7">0</subfield>
    <subfield code="a">SEACOMMC</subfield>
    <subfield code="b">SEACOMMC</subfield>
    <subfield code="d">2009-09-16</subfield>
    <subfield code="l">0</subfield>
    <subfield code="o"> 005.73 B 575</subfield>
    <subfield code="p">M-2462</subfield>
    <subfield code="r">2025-03-06 11:58:28</subfield>
    <subfield code="t">5</subfield>
    <subfield code="w">2025-03-06</subfield>
    <subfield code="y">BOOK</subfield>
  </datafield>
  <datafield tag="952" ind1=" " ind2=" ">
    <subfield code="0">0</subfield>
    <subfield code="1">0</subfield>
    <subfield code="2">ddc</subfield>
    <subfield code="4">0</subfield>
    <subfield code="7">0</subfield>
    <subfield code="a">SEACOMMC</subfield>
    <subfield code="b">SEACOMMC</subfield>
    <subfield code="d">2009-09-16</subfield>
    <subfield code="l">0</subfield>
    <subfield code="o"> 005.73 B 575</subfield>
    <subfield code="p">M-2463</subfield>
    <subfield code="r">2025-03-06 11:58:28</subfield>
    <subfield code="t">6</subfield>
    <subfield code="w">2025-03-06</subfield>
    <subfield code="y">BOOK</subfield>
  </datafield>
  <datafield tag="952" ind1=" " ind2=" ">
    <subfield code="0">0</subfield>
    <subfield code="1">0</subfield>
    <subfield code="2">ddc</subfield>
    <subfield code="4">0</subfield>
    <subfield code="7">0</subfield>
    <subfield code="a">SEACOMMC</subfield>
    <subfield code="b">SEACOMMC</subfield>
    <subfield code="d">2009-09-16</subfield>
    <subfield code="l">0</subfield>
    <subfield code="o"> 005.73 B 575</subfield>
    <subfield code="p">M-2464</subfield>
    <subfield code="r">2025-03-06 11:58:28</subfield>
    <subfield code="t">7</subfield>
    <subfield code="w">2025-03-06</subfield>
    <subfield code="y">BOOK</subfield>
  </datafield>
  <datafield tag="952" ind1=" " ind2=" ">
    <subfield code="0">0</subfield>
    <subfield code="1">0</subfield>
    <subfield code="2">ddc</subfield>
    <subfield code="4">0</subfield>
    <subfield code="7">0</subfield>
    <subfield code="a">SEACOMMC</subfield>
    <subfield code="b">SEACOMMC</subfield>
    <subfield code="d">2009-09-16</subfield>
    <subfield code="l">0</subfield>
    <subfield code="o"> 005.73 B 575</subfield>
    <subfield code="p">M-2465</subfield>
    <subfield code="r">2025-03-06 11:58:28</subfield>
    <subfield code="t">8</subfield>
    <subfield code="w">2025-03-06</subfield>
    <subfield code="y">BOOK</subfield>
  </datafield>
  <datafield tag="952" ind1=" " ind2=" ">
    <subfield code="0">0</subfield>
    <subfield code="1">0</subfield>
    <subfield code="2">ddc</subfield>
    <subfield code="4">0</subfield>
    <subfield code="7">0</subfield>
    <subfield code="a">SEACOMMC</subfield>
    <subfield code="b">SEACOMMC</subfield>
    <subfield code="d">2009-09-16</subfield>
    <subfield code="l">0</subfield>
    <subfield code="o"> 005.73 B 575</subfield>
    <subfield code="p">M-2466</subfield>
    <subfield code="r">2025-03-06 11:58:28</subfield>
    <subfield code="t">9</subfield>
    <subfield code="w">2025-03-06</subfield>
    <subfield code="y">BOOK</subfield>
  </datafield>
  <datafield tag="999" ind1=" " ind2=" ">
    <subfield code="c">1123</subfield>
    <subfield code="d">1123</subfield>
  </datafield>
</record>
